00708nam a2200193 a 450000100100000000500170001000800410002702000180006804000250008610000230011124000150013424501110014926000330026030000360029370000310032970000320036095201050039299900170049700004239920201002040129.0131128s2012 mx ac 000 0 spa d a9786071118103 aDO-SdBNPbspacBNPHU1 aFonda, Jane96951410aPrime Time10aPrime Time :bmis mejores años. /cJane Fonda; traducción, Aída Lara; ilustraciones, Angela Martini. aMéxico, :bAguilar,c2012. a430 p. :bil., retrs. ;c24 cm.1 aLara, Aídaetrad.9695151 aMartini, Angelaeil.969516 001050718MOaGRbGRcCTd2013-11-28iLF1l0o p42399-10r2020-06-25w2020-06-25y1ZNo se presta c41888d41888